000 00629nam a2200277Ia 4500
005 20260324123955.0
008 008 260324s9999 xx 000 0 eng d
020 _a9781003554639
037 _aEBOOK
040 _aCRL
040 _beng
040 _cCRL
041 _2eng
041 _aeng
084 _qCRL
100 _aUri Rubin
_91172363
245 0 _aMuhammad the Prophet and Arabia
260 _bTaylor and Francis
260 _c2011
365 _a
365 _b150
856 _uhttp://www.taylorfrancis.com/books/9781003554639
942 _cEBOOK
999 _c1766345
_d1766345